[Event "RUS-ch Rapid 2021"]
[Site "Sochi"]
[Date "2021.10.12"]
[Round "4.18"]
[White "Petrov, Nikita"]
[Black "Kovalenko, Sergey"]
[Result "1-0"]
[WhiteElo "2539"]
[BlackElo "2214"]
[Annotator "ChessBase"]
[PlyCount "85"]
[EventDate "2021.10.12"]
[EventType "swiss"]
[EventCountry "RUS"]
[SourceTitle "playchess.com"]
[Source "ChessBase"]
[SourceQuality "1"]
[TimeControl "900+10"]

1. d4 {[%emt 0:00:05]} Nf6 {[%emt 0:00:00]} 2. c4 {[%emt 0:00:00]} e6 {[%emt 0:
00:05]} 3. Nf3 {[%emt 0:00:09]} d5 {[%emt 0:00:00]} 4. g3 {[%emt 0:00:00]} c6 {
[%emt 0:00:10]} 5. Bg2 {[%emt 0:00:16]} Bd6 {[%emt 0:00:02]} 6. Nc3 {[%emt 0:
00:18]} O-O {[%emt 0:00:06]} 7. O-O {[%emt 0:00:00]} Nbd7 {[%emt 0:00:04]} 8.
Nd2 {[%emt 0:00:05]} Re8 {[%emt 0:00:36]} 9. e4 {[%emt 0:00:08]} dxe4 {[%emt 0:
00:00]} 10. Ndxe4 {[%emt 0:00:05]} Nxe4 {[%emt 0:00:12]} 11. Nxe4 {[%emt 0:00:
01]} Be7 {[%emt 0:00:00]} 12. Bf4 {[%emt 0:00:36]} Nf8 {[%emt 0:00:00]} 13. c5
{[%emt 0:00:22]} Ng6 {[%emt 0:00:39]} 14. Bd6 {[%emt 0:00:03]} Bf8 {[%emt 0:00:
16]} 15. b4 {[%emt 0:00:51]} a5 {[%emt 0:00:30]} 16. a3 {[%emt 0:00:14]} Ne7 {
[%emt 0:00:20]} 17. Qd2 {[%emt 0:01:40]} Nf5 {[%emt 0:00:13]} 18. Bxf8 {
[%emt 0:00:05]} Rxf8 {[%emt 0:00:00]} 19. Rfd1 {[%emt 0:00:50]} axb4 {[%emt 0:
00:18]} 20. Qxb4 {[%emt 0:00:00]} Qa5 {[%emt 0:00:28]} 21. Qxa5 {[%emt 0:01:43]
} Rxa5 {[%emt 0:00:00]} 22. g4 {[%emt 0:00:03]} Ne7 {[%emt 0:00:14]} 23. Nd6 {
[%emt 0:00:05]} Rd8 {[%emt 0:00:19]} 24. a4 {[%emt 0:01:32]} Kf8 {[%emt 0:03:
17]} 25. Rdb1 {[%emt 0:01:16]} Rd7 {[%emt 0:03:26]} 26. f4 {[%emt 0:01:51]} Rc7
{[%emt 0:00:52]} 27. Kf2 {[%emt 0:00:27]} Ng6 {[%emt 0:00:34]} 28. Ke3 {
[%emt 0:00:08]} Ra7 {[%emt 0:00:41]} 29. a5 {[%emt 0:00:19]} Ke7 {[%emt 0:00:
39]} 30. Rb6 {[%emt 0:02:08]} Bd7 {[%emt 0:02:06]} 31. Be4 {[%emt 0:00:36]} f6
{[%emt 0:00:32]} 32. a6 {[%emt 0:01:21]} Rxa6 {[%emt 0:00:03]} 33. Rbxa6 {
[%emt 0:00:07]} bxa6 {[%emt 0:00:00]} 34. Rxa6 {[%emt 0:00:00]} e5 {[%emt 0:00:
25]} 35. dxe5 {[%emt 0:00:15]} fxe5 {[%emt 0:00:04]} 36. f5 {[%emt 0:00:17]}
Nf4 {[%emt 0:00:02]} 37. Ra8 {[%emt 0:00:15]} Nd5+ {[%emt 0:00:23]} 38. Kf3 {
[%emt 0:00:15]} Nf6 {[%emt 0:00:33]} 39. g5 {[%emt 0:00:33]} Ne8 {[%emt 0:00:
03]} 40. Nc4 {[%emt 0:00:18]} Rb7 {[%emt 0:00:10]} 41. Nxe5 {[%emt 0:00:15]}
Rb3+ {[%emt 0:00:07]} 42. Kf4 {[%emt 0:00:09]} Rc3 {[%emt 0:00:03]} 43. Ra7 {
[%emt 0:00:08]} 1-0

[Event "RUS-ch Rapid 2021"]
[Site "Sochi"]
[Date "2021.10.12"]
[Round "4.19"]
[White "Antipov, Mikhail Al."]
[Black "Gavrilov, Maxim"]
[Result "1-0"]
[WhiteElo "2619"]
[BlackElo "2070"]
[Annotator "TA"]
[PlyCount "79"]
[EventDate "2021.10.12"]
[EventType "swiss"]
[EventCountry "RUS"]
[SourceTitle "playchess.com"]
[Source "ChessBase"]
[SourceQuality "1"]

{[%evp 27,79,12,29,14,29,23,0,-5,0,0,72,72,75,97,93,14,20,0,122,122,121,121,
121,116,128,108,114,120,135,135,191,181,186,182,254,200,260,252,535,531,719,
722,802,800,965,924,912,886,3022,3080,2978,2218,29981,29982]} 1. e4 c5 2. Nf3
d6 3. d4 cxd4 4. Nxd4 Nf6 5. Nc3 a6 6. Be3 e5 7. Nb3 Be6 8. f3 Be7 9. Qd2 O-O
10. O-O-O Nbd7 11. g4 b5 12. g5 b4 13. Ne2 Ne8 14. f4 a5 15. f5 {B90: Sicilian
Najdorf: Unusual White 6th moves, 6 Be3 Ng4 and 6 Be3 e5.} a4 16. fxe6 axb3 17.
Kb1 $5 {[%mdl 4] The position is equal. An interesting side line.} ({But not} 
17. exd7 $2 bxa2 18. Qd5 a1=Q+ $19) 17... fxe6 18. cxb3 Qa5 (18... Rxa2 $1 $11
{keeps the balance.} 19. Bh3 (19. Kxa2 Qa8+ 20. Kb1 Qxe4+ 21. Qd3 Qxh1 $11)
19... Qa5 20. Bxe6+ {[%mdl 64] Double Attack} Kh8) 19. Nc1 $16 Nc7 20. Bc4 Nb6
{[#]} 21. Bxb6 (21. Bd3 $1 $16) 21... Qxb6 $11 22. h4 {[#]} Rf4 $146 {[#]} (
22... Rf2 $11 {remains equal.} 23. Qe1 Rf3) ({Predecessor:} 22... Rad8 23. Qg2
Qb7 24. Rhe1 Rf4 25. Qh1 Rdf8 26. Nd3 Rf3 27. Re2 Kh8 28. Qg2 Qb6 {1/2-1/2 (71)
Lindberg,B (2413)-Zepeda,L (2169) Tromsoe 2010}) 23. Bxe6+ $1 $16 {[%mdl 576]
Remove Defender, Decoy. Black is now going downhill.} Nxe6 24. Qd5 {[%csl LRa8,
LRe6][%mdl 64] Double Attack} Qa7 {White should prevent ...Kf7.} 25. Qxe6+ Kh8
26. Qc4 Qb7 27. Rde1 Rc8 28. Qe2 Bd8 (28... Ra8 $16 29. Nd3 Rf7) 29. Nd3 $18
Rf8 30. Rhf1 {[%cal Rf1f8]} Bb6 (30... Be7 {might work better.} 31. Rxf8+ Rxf8)
31. Rxf8+ Rxf8 32. Rf1 $40 {[%cal Rf1f8][%mdl 128] White wants a kill.} ({Not} 
32. Nxb4 Bf2 $16) 32... Ra8 (32... Rxf1+ 33. Qxf1 Kg8) 33. Nxb4 Bd4 34. Nd5 Qa7
35. a3 Qb7 36. b4 Qd7 37. h5 Qh3 38. Qf3 Qxf3 39. Rxf3 h6 40. g6 {Weighted
Error Value: White=0.08/Black=0.78} 1-0

[Event "RUS-ch Rapid 2021"]
[Site "Sochi"]
[Date "2021.10.12"]
[Round "4.20"]
[White "Grachev, Boris"]
[Black "Taysayev, Timur"]
[Result "1-0"]
[WhiteElo "2615"]
[BlackElo "2217"]
[Annotator "TA"]
[PlyCount "55"]
[EventDate "2021.10.12"]
[EventType "swiss"]
[EventCountry "RUS"]
[SourceTitle "playchess.com"]
[Source "ChessBase"]
[SourceQuality "1"]

{[%evp 9,55,22,21,0,41,41,40,6,5,0,32,31,28,0,0,0,0,0,0,-37,0,-22,0,0,15,7,17,
18,57,-20,-35,-32,-25,-7,-5,-33,-41,-48,0,0,7,7,179,175,640,649,864,859]} 1. d4
Nf6 2. Bf4 e6 3. e3 b6 4. Qf3 Nc6 5. Nc3 Bb7 6. O-O-O {A45: Trompowsky Attack.}
Bb4 7. Nge2 O-O {[#]} 8. h4 $146 {White is slightly better.} ({Predecessor:} 8.
a3 Na5 9. e4 Be7 10. d5 Re8 11. Nd4 c5 12. Ndb5 exd5 13. Nxd5 Bxd5 14. exd5 {
1-0 (71) Praggnanandhaa,R (2608)-Martinez Alcantara,J (2620) chess.com INT 2020
}) 8... Na5 9. Qh3 c5 10. h5 cxd4 11. exd4 Rc8 12. a3 Be7 13. Qg3 Kh8 14. Kb1 (
14. h6 {keeps more tension.} g6 15. Kb1 Nc4 16. d5 Bxd5 17. Nd4) 14... Nc4 15.
h6 {[%csl Gh6][%cal Rg3g7]} g6 (15... Rg8 {seems wilder.} 16. d5 Bxd5 17. Nxd5
Nxd5 18. hxg7+ Rxg7 19. Qb3 Bf6) 16. d5 Nxd5 17. Nxd5 Bxd5 18. Nc3 Bb7 19. Bxc4
(19. Nb5 $1 $14) 19... Rxc4 $11 20. Bd6 Bxd6 21. Rxd6 Bc6 22. Qe5+ (22. Nb5 $5)
22... f6 23. Qe2 b5 ({Don't play} 23... Bxg2 $6 24. Rhd1 $14) 24. Rhd1 Qe7 25.
Qe3 a6 $2 (25... Rc8 $11 {and Black has nothing to worry.}) 26. b3 $18 {
[%mdl 1024] White has strong compensation.} Rh4 {[#]} (26... b4) 27. Qa7 $1 Ra8
{[#]} 28. Rxc6 $1 {[%mdl 512] Weighted Error Value: White=0.08/Black=0.59} 1-0

[Event "RUS-ch Rapid 2021"]
[Site "Sochi"]
[Date "2021.10.12"]
[Round "4.21"]
[White "Grebnev, Aleksey"]
[Black "Dreev, Aleksey"]
[Result "1-0"]
[WhiteElo "2469"]
[BlackElo "2635"]
[Annotator "TA"]
[PlyCount "94"]
[EventDate "2021.10.12"]
[EventType "swiss"]
[EventCountry "RUS"]
[SourceTitle "playchess.com"]
[Source "ChessBase"]
[SourceQuality "1"]

{[%evp 14,94,43,5,6,0,0,0,-2,4,35,27,86,79,91,18,27,31,39,-7,132,52,99,64,109,
95,82,53,45,49,99,94,93,77,79,94,149,115,141,112,112,116,120,119,131,90,94,19,
13,12,68,0,0,0,0,-3,0,-16,-16,-16,-4,-4,-4,-14,-8,-10,0,-16,-16,-16,-16,-18,0,
0,0,0,0,0,0,0,0,-80,0]} 1. d4 Nf6 2. c4 e6 3. Nc3 d5 4. cxd5 exd5 5. Bg5 c6 6.
e3 Be7 7. Qc2 Bg4 8. Nge2 (8. Bd3 {with more complications.} Nbd7 9. f3 Be6 10.
Nge2 h6 11. Bh4) 8... h6 {D36: Queen's Gambit Declined: Exchange Variation:
Main line (5 Bg5 c6 6 Qc2).} 9. Bxf6 Bxf6 10. Ng3 O-O {The position is equal.}
11. Bd3 {[#]} c5 $146 ({Predecessor:} 11... Re8 12. O-O Bh4 13. b4 a6 14. a4
Nd7 15. b5 axb5 16. axb5 Bxg3 17. hxg3 Qg5 {0-1 (37) Seeger,P (2016)
-Petersammer,G (1917) Germany 2005}) 12. dxc5 Nc6 (12... Qa5 $11) 13. O-O $16
d4 14. exd4 (14. Nce4 $16) 14... Nxd4 15. Qa4 Bd7 16. Qb4 Nc6 (16... a5 $11 17.
Qb6 (17. Qxb7 Bc6 $17) 17... Bc6 18. Qxd8 Rfxd8) 17. Qa3 ({Don't take} 17. Qxb7
Rb8 $14) (17. Qe4 $16 {[%csl Gd3][%cal Re4h7]} g6 18. Bc4) 17... Bg4 18. Bf5
Qd4 19. Bxg4 Qxg4 20. Rad1 Rad8 21. Qb3 Qb4 22. Nd5 Qxb3 23. Nxf6+ ({Worse is} 
23. axb3 Bd4 $15) 23... gxf6 24. axb3 Kg7 ({Better is} 24... Rxd1 25. Rxd1 Re8)
25. f3 Kg6 26. Ne4 b6 27. cxb6 axb6 28. Nc3 Na5 29. Nd5 Nxb3 30. Nxb6 ({
White should try} 30. Rfe1 $16) 30... Nd2 $1 $11 {[%cal Rd2f1]} 31. Rfe1 Rd4 (
31... Rd6 $11 32. Kf2 Rb8) 32. Nc4 Nxf3+ 33. gxf3 Rxc4 {[%mdl 4096] Endgame
KRR-KRR} 34. Re2 Rb8 35. Rd5 Rc1+ 36. Kf2 Rb1 37. Rdd2 Rb3 38. Kg2 h5 39. Kg3
Rb4 40. Kg2 Kg5 41. Rc2 f5 42. Rf2 h4 43. Rcd2 Rb6 44. Rc2 Kf4 45. Rc4+ Kg5 46.
Rcc2 Kh5 47. Rc5 (47. Kh3 $11 {keeps the balance.}) 47... Kg5 {[%mdl 32768]
Weighted Error Value: White=0.21/Black=0.21. Sensor Board Error (Ke4/e5)?} (
47... R6xb2 $17 48. Rxb2 Rxb2+ 49. Kh3 Kg5) 1-0

[Event "RUS-ch Rapid 2021"]
[Site "Sochi"]
[Date "2021.10.12"]
[Round "4.22"]
[White "Dashko, Andrey"]
[Black "Sakaev, Konstantin"]
[Result "0-1"]
[WhiteElo "2219"]
[BlackElo "2603"]
[Annotator "TA"]
[PlyCount "126"]
[EventDate "2021.10.12"]
[EventType "swiss"]
[EventCountry "RUS"]
[SourceTitle "playchess.com"]
[Source "ChessBase"]
[SourceQuality "1"]

{[%evp 20,126,14,14,6,-16,6,-11,0,0,0,0,8,25,1,-80,-79,-96,-84,-89,-89,-114,
-108,-130,-96,-97,-24,-49,-70,-49,0,-53,-53,-54,0,-6,8,8,9,0,8,0,0,0,0,-50,0,0,
20,0,0,0,0,0,0,-212,-222,-246,-214,-345,-366,-533,-341,-319,-326,-327,-265,
-610,-595,-677,-680,-622,-609,-585,-591,-710,-673,-768,-762,-761,-832,-881,
-815,-824,-877,-970,-535,-556,-470,-397,-84,-84,-84,-945,-925,-1163,-1204,
-1913,-1675,-29966,-29961,-29967,-29966,-29983,-29984,-29984,-29985,-29985,
-29985]} 1. e4 c5 2. Nf3 d6 3. d4 cxd4 4. Nxd4 Nf6 5. Nc3 a6 6. f3 e5 7. Nb3
Be6 8. Be3 Be7 9. Qd2 h5 10. O-O-O Nbd7 11. Kb1 b5 {B90: Sicilian Najdorf:
Unusual White 6th moves, 6 Be3 Ng4 and 6 Be3 e5.} 12. Be2 Rc8 13. h3 h4 {
The position is equal.} 14. f4 Qc7 15. Bf3 {[#]} Nb6 $146 ({Predecessor:} 15...
b4 16. Nd5 Nxd5 17. exd5 Bf5 18. Ka1 a5 19. fxe5 Nxe5 20. Nd4 Bd7 21. Be4 O-O {
1/2-1/2 (30) Glaser,K (2274)-Rotaru,I (2274) ICCF email 2018}) 16. Bxb6 Qxb6
17. f5 (17. Rhe1 $11) 17... Bd7 $17 18. Nd5 Nxd5 19. Qxd5 a5 20. Nc1 b4 21. Qd2
Rc6 22. Nd3 {Threatening Nxe5!} Qc7 (22... O-O $17 23. Nxe5 dxe5 24. Qxd7 Bg5)
23. b3 Rc3 24. Nb2 Bb5 25. Be2 ({White should try} 25. Rhe1 $1 $11) 25... Bc6
$1 $15 {[%cal Rc6e4]} 26. Bd3 Bf6 (26... O-O $1 $15) 27. Qe2 Ke7 28. Bb5 Bb7
29. Bc4 Rc8 30. Rd3 Rxd3 31. Qxd3 Qc5 32. Rd1 Bc6 33. Qe2 a4 34. Bd5 axb3 35.
Bxb3 Rd8 36. Nd3 Qb6 37. Qd2 $2 (37. Nf2 $11) 37... Bxe4 $19 38. Nxb4 {[#]
Hoping for Qd5!} d5 $1 39. Qc3 (39. a3 $142) 39... Kf8 ({Stronger than} 39...
Bxf5 40. Nc6+ (40. Nxd5+ Kf8 $11) 40... Kf8 41. Nxd8 $16) 40. Nc6 (40. a3 {
is a better defense.}) 40... Rc8 41. Qb4+ Qxb4 42. Nxb4 Bxg2 43. Rd2 $2 (43.
Nxd5 Rd8 44. Rd2) 43... Bxh3 44. Nxd5 Bg5 45. Rf2 e4 46. f6 Be6 47. Re2 h3 48.
Ne7 Rb8 49. Nc6 Rb6 50. Nd4 Bxb3 51. fxg7+ Kxg7 {( -> ...Bc4+)} 52. axb3 {
[%mdl 4096] Endgame KRB-KRN} e3 53. Rh2 Kg6 54. Rxh3 f5 $2 (54... Rd6 $19 {
and Black stays clearly on top.} 55. c3 {[#]} Rxd4 $1 {[%mdl 512]} 56. cxd4 e2)
55. c3 $17 f4 {Strongly threatening ...Bf6.} 56. Kc2 $2 {[%mdl 8192] Now White
is beyond hope.} (56. Rf3 $17) 56... Bf6 $19 57. Ne2 Kf5 58. Rf3 Be5 59. Rh3
Rd6 {Black mates.} 60. Rh5+ Ke4 61. Nd4 Bxd4 62. cxd4 Rxd4 63. Rh8 e2 {
Weighted Error Value: White=0.64/Black=0.33} 0-1

[Event "RUS-ch Rapid 2021"]
[Site "Sochi"]
[Date "2021.10.12"]
[Round "4.23"]
[White "Kezin, Roman"]
[Black "Khubukshanov, Erdem"]
[Result "1-0"]
[WhiteElo "2492"]
[BlackElo "2373"]
[Annotator "ChessBase"]
[PlyCount "43"]
[EventDate "2021.10.12"]
[EventType "swiss"]
[EventCountry "RUS"]
[SourceTitle "playchess.com"]
[Source "ChessBase"]
[SourceQuality "1"]
[TimeControl "900+10"]

1. d4 {[%emt 0:00:00]} d5 {[%emt 0:00:00]} 2. c4 {[%emt 0:00:05]} e6 {[%emt 0:
00:01]} 3. Nf3 {[%emt 0:00:00]} Nf6 {[%emt 0:00:07]} 4. g3 {[%emt 0:00:00]} Be7
{[%emt 0:00:00]} 5. Bg2 {[%emt 0:00:00]} O-O {[%emt 0:00:03]} 6. O-O {[%emt 0:
00:00]} c6 {[%emt 0:00:00]} 7. Qc2 {[%emt 0:00:08]} b6 {[%emt 0:00:02]} 8. Nbd2
{[%emt 0:00:07]} Bb7 {[%emt 0:00:00]} 9. e4 {[%emt 0:00:00]} Na6 {[%emt 0:00:
00]} 10. a3 {[%emt 0:00:10]} c5 {[%emt 0:00:07]} 11. exd5 {[%emt 0:00:09]} exd5
{[%emt 0:00:01]} 12. dxc5 {[%emt 0:00:10]} Nxc5 {[%emt 0:00:00]} 13. b4 {
[%emt 0:00:00]} Ne6 {[%emt 0:00:03]} 14. Rd1 {[%emt 0:00:44]} Rc8 {[%emt 0:00:
54]} 15. Bb2 {[%emt 0:00:06]} Qc7 {[%emt 0:00:56]} 16. Be5 {[%emt 0:02:50]} Qc6
{[%emt 0:00:02]} 17. Rac1 {[%emt 0:00:18]} Rfd8 {[%emt 0:01:10]} 18. Nh4 {
[%emt 0:03:24]} Ne4 {[%emt 0:01:26]} 19. Nf5 {[%emt 0:02:36]} Bg5 {[%emt 0:01:
06]} 20. f4 {[%emt 0:01:11]} g6 {[%emt 0:00:14]} 21. Nxe4 {[%emt 0:00:16]} dxe4
{[%emt 0:00:27]} 22. Nd6 {[%emt 0:00:00]} 1-0

[Event "RUS-ch Rapid 2021"]
[Site "Sochi"]
[Date "2021.10.12"]
[Round "4.24"]
[White "Vlassow, Valentin"]
[Black "Iljiushenok, Ilia"]
[Result "0-1"]
[WhiteElo "2238"]
[BlackElo "2554"]
[Annotator "ChessBase"]
[PlyCount "106"]
[EventDate "2021.10.12"]
[EventType "swiss"]
[EventCountry "RUS"]
[SourceTitle "playchess.com"]
[Source "ChessBase"]
[SourceQuality "1"]
[TimeControl "900+10"]

1. e4 {[%emt 0:00:00]} c5 {[%emt 0:00:06]} 2. Nf3 {[%emt 0:00:01]} d6 {[%emt 0:
00:00]} 3. Bb5+ {[%emt 0:00:06]} Nd7 {[%emt 0:00:00]} 4. d4 {[%emt 0:00:02]}
cxd4 {[%emt 0:00:01]} 5. Qxd4 {[%emt 0:00:00]} a6 {[%emt 0:00:10]} 6. Bxd7+ {
[%emt 0:00:04]} Bxd7 {[%emt 0:00:00]} 7. Nc3 {[%emt 0:00:22]} h6 {[%emt 0:00:
58]} 8. Be3 {[%emt 0:01:28]} e6 {[%emt 0:01:47]} 9. O-O-O {[%emt 0:01:10]} Bc6
{[%emt 0:00:15]} 10. Qb6 {[%emt 0:00:34]} Nf6 {[%emt 0:00:23]} 11. Rhe1 {
[%emt 0:01:02]} Be7 {[%emt 0:00:31]} 12. Qxd8+ {[%emt 0:05:08]} Rxd8 {[%emt 0:
00:00]} 13. e5 {[%emt 0:00:54]} Ng4 {[%emt 0:01:43]} 14. Bb6 {[%emt 0:00:23]}
Rd7 {[%emt 0:00:00]} 15. exd6 {[%emt 0:00:39]} Bxd6 {[%emt 0:00:14]} 16. h3 {
[%emt 0:01:18]} Nf6 {[%emt 0:01:22]} 17. Rd4 {[%emt 0:01:22]} Ke7 {[%emt 0:01:
28]} 18. Red1 {[%emt 0:00:29]} Bxf3 {[%emt 0:00:06]} 19. gxf3 {[%emt 0:00:09]}
Rc8 {[%emt 0:00:02]} 20. Ne4 {[%emt 0:00:31]} Nd5 {[%emt 0:03:00]} 21. Nxd6 {
[%emt 0:01:06]} Rxd6 {[%emt 0:00:01]} 22. Ba5 {[%emt 0:00:28]} Rdc6 {[%emt 0:
00:01]} 23. c3 {[%emt 0:00:34]} Rc4 {[%emt 0:00:33]} 24. a3 {[%emt 0:00:32]}
Kf6 {[%emt 0:02:55]} 25. Bd8+ {[%emt 0:00:18]} Kf5 {[%emt 0:00:15]} 26. Bh4 {
[%emt 0:00:00]} g5 {[%emt 0:00:22]} 27. Bg3 {[%emt 0:00:02]} h5 {[%emt 0:00:14]
} 28. h4 {[%emt 0:00:06]} f6 {[%emt 0:00:23]} 29. Kc2 {[%emt 0:00:15]} b5 {
[%emt 0:00:16]} 30. Kb3 {[%emt 0:00:00]} R8c5 {[%emt 0:00:53]} 31. Bd6 {
[%emt 0:00:04]} Rc6 {[%emt 0:00:02]} 32. Bg3 {[%emt 0:00:10]} a5 {[%emt 0:00:
12]} 33. R1d2 {[%emt 0:00:24]} a4+ {[%emt 0:00:02]} 34. Kc2 {[%emt 0:00:09]}
Rxd4 {[%emt 0:00:45]} 35. Rxd4 {[%emt 0:00:00]} Rc4 {[%emt 0:00:00]} 36. Kd3 {
[%emt 0:00:12]} Nf4+ {[%emt 0:00:23]} 37. Ke3 {[%emt 0:00:30]} Ng2+ {[%emt 0:
00:31]} 38. Kd3 {[%emt 0:00:04]} gxh4 {[%emt 0:00:25]} 39. Bh2 {[%emt 0:00:39]}
Ne1+ {[%emt 0:00:12]} 40. Ke2 {[%emt 0:00:11]} Rxd4 {[%emt 0:00:00]} 41. cxd4 {
[%emt 0:00:01]} Ng2 {[%emt 0:00:10]} 42. Kd3 {[%emt 0:00:17]} Nf4+ {[%emt 0:00:
00]} 43. Ke3 {[%emt 0:00:00]} Nd5+ {[%emt 0:00:00]} 44. Kd3 {[%emt 0:00:06]} h3
{[%emt 0:00:00]} 45. Bg3 {[%emt 0:00:01]} h4 {[%emt 0:00:03]} 46. Bh2 {[%emt 0:
00:00]} Nb6 {[%emt 0:01:01]} 47. Kc3 {[%emt 0:00:10]} Nc4 {[%emt 0:00:00]} 48.
Kc2 {[%emt 0:00:09]} e5 {[%emt 0:00:12]} 49. Kc3 {[%emt 0:00:20]} exd4+ {
[%emt 0:00:03]} 50. Kxd4 {[%emt 0:00:03]} Nxb2 {[%emt 0:00:06]} 51. Kc5 {
[%emt 0:00:01]} Nc4 {[%emt 0:00:14]} 52. Kxb5 {[%emt 0:00:11]} Nxa3+ {[%emt 0:
00:03]} 53. Kxa4 {[%emt 0:00:00]} Nc4 {[%emt 0:00:01]} 0-1

[Event "RUS-ch Rapid 2021"]
[Site "Sochi"]
[Date "2021.10.12"]
[Round "5.1"]
[White "Alekseev, Evgeny"]
[Black "Sarana, Alexey"]
[Result "1/2-1/2"]
[WhiteElo "2602"]
[BlackElo "2649"]
[Annotator "TA"]
[PlyCount "23"]
[EventDate "2021.10.12"]
[EventType "swiss"]
[EventCountry "RUS"]
[SourceTitle "playchess.com"]
[Source "ChessBase"]
[SourceQuality "1"]

{[%evp 17,23,0,14,-2,12,4,13,9]} 1. e4 c5 2. Nf3 d6 3. Bb5+ Bd7 4. Bxd7+ Nxd7
5. O-O e6 6. c3 Ngf6 7. Qe2 Be7 8. d4 O-O $1 {8...0-0 is better than 8...cxd4.}
9. e5 Ne8 {The position is equal.} 10. exd6 {has lost popularity (10.dxc5).
B52: Sicilian: Moscow Variation with 3...Bd7.} Bxd6 {[#]} 11. dxc5 $146 ({
Predecessor:} 11. Nbd2 Qc7 12. Ne4 Be7 13. Be3 c4 14. Nfd2 Rc8 15. Bg5 Bxg5 16.
Nxg5 Ndf6 17. f4 Nd6 {1-0 (38) Suder,R (2161)-Siluk,Z (2032) Wagrowiec 2008})
11... Bxc5 12. c4 {An uneventful encounter. Not enough moves} 1/2-1/2

[Event "RUS-ch Rapid 2021"]
[Site "Sochi"]
[Date "2021.10.12"]
[Round "5.2"]
[White "Moiseenko, Vadim"]
[Black "Sjugirov, Sanan"]
[Result "1/2-1/2"]
[WhiteElo "2542"]
[BlackElo "2663"]
[Annotator "TA"]
[PlyCount "16"]
[EventDate "2021.10.12"]
[EventType "swiss"]
[EventCountry "RUS"]
[SourceTitle "playchess.com"]
[Source "ChessBase"]
[SourceQuality "1"]

{[%evp 14,16,16,13,212]} 1. e4 c5 2. Nf3 d6 3. d4 cxd4 4. Nxd4 Nf6 5. Nc3 a6 6.
Be3 e5 7. Nf3 Be7 8. Bc4 {[#]} Ng8 $146 {B90: Sicilian Najdorf: Unusual White
6th moves, 6 Be3 Ng4 and 6 Be3 e5.} (8... O-O $11 {and Black has nothing to
worry.}) ({Predecessor:} 8... O-O 9. O-O Nc6 10. Re1 Be6 11. Bf1 d5 12. exd5
Nxd5 13. Nxd5 Qxd5 14. Qxd5 Bxd5 15. Rad1 Be6 16. Ng5 Bf5 17. c3 h6 {1/2-1/2 
(43) Dominguez Perez,L (2758)-Giri,A (2776) Chess24.com INT 2021}) 1/2-1/2

[Event "RUS-ch Rapid 2021"]
[Site "Sochi"]
[Date "2021.10.12"]
[Round "5.3"]
[White "Artemiev, Vladislav"]
[Black "Bocharov, Dmitry"]
[Result "1/2-1/2"]
[WhiteElo "2699"]
[BlackElo "2517"]
[Annotator "TA"]
[PlyCount "113"]
[EventDate "2021.10.12"]
[EventType "swiss"]
[EventCountry "RUS"]
[SourceTitle "playchess.com"]
[Source "ChessBase"]
[SourceQuality "1"]

{[%evp 9,113,0,0,0,0,-2,-5,-7,16,-2,20,20,22,6,8,9,0,-13,10,12,15,16,16,16,23,
21,35,0,15,16,5,9,12,-20,-8,-35,-24,-39,-42,-43,-6,-24,-24,-24,-24,-24,-23,-24,
-24,-24,0,0,0,0,0,0,0,0,0,-5,0,0,0,0,0,0,0,0,0,0,0,0,0,0,0,0,0,0,0,0,0,0,0,0,
16,0,0,0,0,0,0,0,0,0,0,0,0,0,0,0,0,0,0,0,0,0]} 1. d4 Nf6 2. Bg5 d5 3. Nd2 c5 4.
e3 cxd4 5. exd4 Nc6 6. c3 {D00: 1 d4 d5: Unusual lines.} h6 7. Bh4 Bf5 (7... g5
$5 8. Bg3 $8 Bf5 $11) 8. Qb3 {[#]} Qb6 $146 ({Predecessor:} 8... Qd7 9. Ngf3 a6
10. Be2 e6 11. Bxf6 gxf6 12. O-O Be7 13. Nh4 Bh7 14. f4 f5 {1/2-1/2 (59) Le,Q 
(2718)-Nakar,E (2479) Kenner 2016}) 9. Ngf3 e6 10. Qxb6 axb6 11. Bg3 Be7 12.
Be2 O-O 13. O-O Rfc8 14. h3 Ne8 15. Ne5 Nxe5 16. Bxe5 Bd6 17. g4 Bg6 18. Bb5
Nc7 19. Bxd6 {[#] Black must now prevent Bd7.} Nxb5 20. Bg3 Na7 21. f4 f6 22.
Rae1 Re8 23. Re3 Nc6 24. a3 Na5 25. h4 h5 26. f5 exf5 27. Rxe8+ Rxe8 28. gxh5
Bxh5 29. Rxf5 Bf7 30. Bc7 {The position is equal.} Re2 31. Rf2 Re1+ 32. Rf1 Re2
33. Rf2 Re1+ 34. Kh2 Nc4 35. Nxc4 dxc4 36. Bxb6 $11 {[%mdl 4096] Endgame
KRB-KRB} Bd5 37. Rf5 Re2+ 38. Kg3 Bc6 {[#] Strongly threatening ...Rg2+.} 39.
d5 (39. Rc5 {feels hotter.} Rg2+ 40. Kf4 Rxb2 41. Ba5 Rf2+ 42. Kg3) 39... Rxb2
{...Bd7 is the strong threat.} 40. dxc6 {White wants to mate with c7.} Rxb6 {
KR-KR} 41. Rc5 {c7 would kill now.} bxc6 42. Rxc4 Kf7 43. Kf4 Ke6 44. a4 Kd5
45. Rd4+ Kc5 46. Kf5 {Black should prevent a5.} Rb3 47. a5 Rxc3 48. Ra4 {
And now a6 would win.} Kb5 49. Rg4 Kxa5 (49... Rf3+ {looks sharper.} 50. Ke6
Rh3 51. Kd6 Rd3+ 52. Ke6 g5) 50. Rxg7 Rh3 51. Rg4 Kb5 52. Kxf6 c5 {[%cal Bc6c5,
Bc5c4,Bc4c3][%mdl 32]} 53. Kg6 c4 54. h5 Kb4 55. h6 Kb3 56. h7 c3 57. Rg2 {
Weighted Error Value: White=0.04/Black=0.04} 1/2-1/2